Engineering Materials (Record no. 156016)

MARC details
000 -LEADER
fixed length control field 00568nam a22001817a 4500
005 - DATE AND TIME OF LATEST TRANSACTION
control field 20180818124142.0
010 ## - LCCN (DPL NO)
LC control number B-167543
020 ## - INTERNATIONAL STANDARD BOOK NUMBER
International Standard Book Number 8120325834
Terms of availability 250.00
035 ## - SYSTEM CONTROL NUMBER
System control number B-167543
037 ## - SOURCE OF ACQUISITION
Source of stock number/acquisition Prentice Hall of India
082 ## - DEWEY DECIMAL CLASSIFICATION NUMBER
Classification number 620.11
100 ## - MAIN ENTRY--PERSONAL NAME
Personal name Bhargava, A.K.
245 ## - TITLE STATEMENT
Title Engineering Materials
Remainder of title polymers,ceramics and composites/
Statement of responsibility, etc by A.K. Bhargava
260 ## - PUBLICATION, DISTRIBUTION, ETC. (IMPRINT)
Place of publication, distribution, etc New Delhi
Name of publisher, distributor, etc Prentice Hall of India
Date of publication, distribution, etc 2005
300 ## - PHYSICAL DESCRIPTION
Extent xvii, 334p.
Dimensions 22cm(Pbk)
942 ## - ADDED ENTRY ELEMENTS (KOHA)
Source of classification or shelving scheme Dewey Decimal Classification
Item type English Books
Classification part 620.11
Call number suffix BHA
Holdings
Withdrawn status Lost status Not for loan Collection code Home library Current library Date acquired Full call number Barcode Koha item type
      Fiction Sarojini Nagar Sarojini Nagar 18/08/2018 620.11 BHA B-167543 English Books

© Delhi Public Library
Hit Counter
free hit counter